| 000 | 00746nam a2200205Ia 4500 | ||
|---|---|---|---|
| 999 |
_c39921 _d39921 |
||
| 001 | 6526 | ||
| 003 | GE_BSU | ||
| 005 | 20191021165946.0 | ||
| 008 | 181216s1999||||g |||||||||||||| ||ge || | ||
| 040 | _cGE_BSU | ||
| 041 | _ageo | ||
| 080 | _a821.353.1-1 ბ-90 | ||
| 100 |
_aბჟალავა, ვაჟა _94910 |
||
| 245 |
_aლექსები / _cვაჟა ბჟალავა ; რედ. გულნაზ სამნიძე / |
||
| 264 |
_aბათუმი : _bაჭარა ; _c1999. |
||
| 300 |
_a33 გვ. : _bფოტო გარეკანზე ; _c18 სმ. |
||
| 653 | _aლექსები | ||
| 700 |
_aსამნიძე, გულნაზ _eრედაქტორი _94911 |
||
| 942 |
_cBK _2udc |
||